000 00497nam a2200169Ia 4500
999 _c10614
_d10614
003 OSt
005 20200123143454.0
008 190216s9999||||xx |||||||||||||| ||und||
020 _a9788121920568
040 _coclc
082 _a650
_bTEL/I
100 _aTelsang, Martand T
_91289
245 0 _aIndustrial And Business Management /
_cMartand T Telsang
260 _bS Chand & Company,
_c2001.
_aNew Delhi:
300 _a780 p
942 _cBK
_2ddc
_h650
_iTEL/I
_k650
_mTEL/I